| 000 | 00729nam a22002055i 4500 | ||
|---|---|---|---|
| 001 | 175234 | ||
| 003 | ES-MaACL | ||
| 005 | 20250814225825.0 | ||
| 008 | 101015s1972 sp |||| | spa d | ||
| 080 | _a37.013"19" | ||
| 100 | 0 |
_aMarín Ibáñez, Ricardo. _976792 |
|
| 245 | 1 | 0 |
_aPrincipios de la educación contemporánea / _cRicardo Marín Ibáñez. |
| 260 |
_aMadrid : _bRialp, _c[1972] |
||
| 300 |
_a252 p. ; _c23 cm. |
||
| 490 | 1 |
_aBiblioteca de Educación y Ciencias Sociales. Serie Investigaciones y ensayos ; _v10 |
|
| 650 | 0 | 4 |
_aPedagogía- _yS.XX. _9143625 |
| 830 | 0 | 0 |
_aBiblioteca de educación y ciencias sociales _v10 _9231016 |
| 852 |
_aES-MaACL _jE-13395 _xOlim P-478-Ter |
||
| 999 |
_c175234 _d175234 |
||